A pastilha perdeu o sabor (Registo nº 201702)

Detalhes MARC
000 -Etiqueta do registo
Valores 00903nam 22002413 4500
010 ## - Número ISBN
ISBN 9798243398862
021 ## - Número do Depósito Legal
Código do país Portugal
100 ## - Dados gerais de processamento
Dados gerais 20260409d u||y0pory50 ba
200 ## - Titulo e menção de responsabilidade
Título próprio A pastilha perdeu o sabor
Primeira menção de responsabilidade Jessica Strimbei
210 ## - Publicação
Local de publicação [S.l.]
Nome do editor Jessica Strimbei
Data de publicação 2026
215 ## - Descrição física 
Paginação / Volumes 75, [1] p.
Outras indicações físicas il. ; brochado
Dimensões 21 cm
300 ## - Notas gerais 
Texto da nota Ilustrações da autora<br/>Oferta da autora - Contém dedicatória na folha de guarda
304 ## - Nota relativa ao título
Texto de nota Há coisas que perdem o sabor antes de acabarem
330 ## - Sumário ou Resumo
Texto da nota A pastilha perdeu o sabor nasce a insistência, é sobre confundir amor com hábito e aprender, tarde, que nem tudo o que se guarda merece ser engolido.
606 ## - Nome comum usado como assunto
ID Autoridade 3172
Palavra de ordem Literatura Romena
610 ## - Termos não controlados
Palavra de ordem Poesia
675 ## - CDU
Notação 821.135.1-1
Edição PT
Língua por
700 ## - Autor principal (pessoa individual)
ID Autoridade 17072
Apelido Strimbei
Nome Jessica
Datas 2008-
801 ## - Fonte de origem
País PT
Agência BMMN
Regras de catalogação RPC
830 ## - Notas gerais do catalogador
Criado por Ana Falardo
Indexado por Ana Falardo
990 ## - Elementos KOHA
Tipo de documento Livro
Exemplares
Situação do levantamento Biblioteca de origem Código de barras Cota Permissão de empréstimo Tipo de documento Forma de aquisição
  Biblioteca Municipal de Montemor-o-Novo 31067 821.135.1-1 STR|LG   Livro Oferta

Powered by Koha